Statistiques concernant Equipes africaines les plus titrées en ligue des champions

Cliquez ici pour prendre le quiz!

Statistiques générales

  • Ce quiz a été pris 42 fois
    (20 depuis la dernière actualisation)
  • Le résultat moyen est 9 sur 25

Statistiques - réponses

HintRéponse% Correct
3Raja (Mar)
88%
11Ahly (Egy)
76%
3Wydad (Mar)
76%
5TP Mazembe (RCD)
71%
1Club Africain (Tun)
65%
4Espérance ST (Tun)
65%
5Zamalek (Egy)
65%
1Etoile du Sahel (Tun)
47%
2JS Kabylie (Alg)
41%
1MC Alger (Alg)
41%
1Orlando Pirates FC (Afs)
41%
2ES Sétif (Alg)
35%
1AS FAR (Mar)
29%
1Mamelodi Sundowns (Ads)
24%
3Canon Yaoundé (Cam)
18%
2Enyimba (Nig)
18%
3Hafia (Gui)
18%
1Ismaily SC (Egy)
18%
1Hearts of Oak (Gha)
12%
1Stade d'Abidjan (Cti)
12%
1Oryx Douala (Cam)
6%
1Union Douala (Cam)
6%
1Vita Club (RCD)
6%
2Asante Kotoko
0%
1CARA Brazzaville (Con)
0%

Distribution des résultats

Percentile par nombre de réponses

% des personnes avec chaque résultat

Votre développement - résultats

Vous n’avez pas pris ce quiz depuis la dernière actualisation